| 000 | 01032nac a22002651u 4500 | ||
|---|---|---|---|
| 010 | _a 2001052033 | ||
| 020 | _a1850700745 (alk. paper) | ||
| 035 | _a(DNLM)101128397 | ||
| 082 | 0 | 0 |
_a616.8982 _bSTE |
| 090 |
_c8972 _d8972 |
||
| 100 | _aStefan, Martin. | ||
| 245 | 1 | 3 |
_aAn atlas of schizophrenia / _cMartin Stefan, Mike Travis and Robin M. Murray. |
| 260 |
_aNew York : _bParthenon Pub. Group,2002. _cc2002. |
||
| 300 |
_a98 p. _bill. (chiefly col.) ; _c30 cm. |
||
| 440 | 0 | _aEncyclopedia of visual medicine series | |
| 500 | _aDistributer: Dar Fathy Taha Mohamed Desoukey | ||
| 504 | _aIncludes bibliographical references and index. | ||
| 511 | _aCatalogued by: Sara | ||
| 650 | 0 |
_aSchizophrenia _vAtlases. |
|
| 650 | 0 |
_aSchizophrenia _vAtlases. |
|
| 700 | 1 |
_aTravis, Mike, _cDr. |
|
| 700 | 1 |
_aMurray, Robin, _cMD, M Phil, MRCP, MRC Psych. |
|
| 856 | 4 | 2 |
_3Publisher description _uhttp://www.loc.gov/catdir/enhancements/fy0646/2001052033-d.html |
| 942 |
_cNB _k616.8982STE |
||
| 999 |
_c8972 _d8972 |
||